| 000 | 00000nas 2200000za 4500 |
| 001 | 9.811738 |
| 003 | CaOODSP |
| 005 | 20230224085128 |
| 007 | cr ||||||||||| |
| 008 | 160224c20139999onc x m ozzzzf0 |0fre|d |
| 040 | |aCaOODSP|bfre |
| 041 | |afre|aeng |
| 043 | |an-cn--- |
| 086 | 1 |aFR4-PDF |
| 130 | 0 |aCanada treaty series. |
| 245 | 10|aTreaty series |h[ressource électronique] = |bRecueil des traités / |cpublié par la Direction du droit des traités. |
| 246 | 11|aRecueil des traités |
| 260 | |aOttawa : |bAffaires étrangères, Commerce et Développement Canada, |c[2013?]- |
| 310 | |aIrrégulier |
| 520 | 3 |aRenferme les traités signés par le Canada avec d’autres pays de 2013. Les traités n’y sont publiés qu’une fois qu’ils ont été ratifiés. |
| 546 | |aTexte en français et en anglais. |
| 710 | 1 |aCanada.|bAffaires étrangères, Commerce et Développement Canada. |
| 776 | 0#|tTreaty series |w(CaOODSP)9.509228 |
| 780 | 00|tTreaty series |w(CaOODSP)9.500662 |
| 791 | |tTreaty series |eeng|w(CaOODSP)9.811730 |